• 首页
  • 本馆介绍
  • 公告通知
  • 最新文献
  • 馆藏检索
  • 电子资源
  • 读者导购
  • 参考咨询
  • 我的图书馆
  • 登录
  • 详细信息显示
  • 放入我的书架
  • 预约/预借图书
  • 作者相关作品
  • 分类相关作品
  • 丛书相关作品
  • 出版社相关作品

书目信息

  • 表格格式
  • 工作单格式
  • 卡片格式
题名:
报纸编辑实务
    
 
作者: 沈兴耕 著
分册:  
出版信息: 北京   中国广播电视出版社  2000
页数: 212页
开本: 19cm
丛书名: 实用新闻写作丛书
单 册:
中图分类: G213
科图分类:
主题词: 报纸编辑--编辑工作 , 新闻工作
电子资源:
ISBN: 7-5043-3504-5
000 00700nam0 2200241 45
001 0304011006
005 20031219104108.4
010    @a7-5043-3504-5@dCNY11.50
100    @a20030401d2000 km y0chiy0120 ea
101 0  @achi
105    @a z 000yy
200 1  @a报纸编辑实务@ABao Zhi Bian Ji Shi Wu@f沈兴耕著@FShen Xing Geng Zhu
210    @a北京@c中国广播电视出版社@d2000
215    @a212页@d19cm
225    @a实用新闻写作丛书@f时统宇主编
410    @12001 @a实用新闻写作丛书
410    @1700 0@a时统宇@AShi Tong Yu@4主编
606 0  @a报纸编辑@x编辑工作
606 0  @a新闻工作
690    @aG213@v4
701  0 @a沈兴耕@4著
801    @aCN@bTSTC@c20030401
905    @b321977-981@dG213@e120@f5
    
    报纸编辑实务/沈兴耕著.-北京:中国广播电视出版社,2000
    212页;19cm.-(实用新闻写作丛书/时统宇主编)
    
    
    ISBN 7-5043-3504-5:CNY11.50
    
●
相关链接 在E读中查询图书 在五车中查询图书 在当当中查询图书 在豆瓣中查询图书


正题名:报纸编辑实务     索取号:G213/120         预约/预借

序号 登录号 条形码 馆藏地/架位号 状态 备注
1 0321977   203219775   第四借阅区/ [索取号:G213/120] 在馆    
2 0321978   203219784   第四借阅区/ [索取号:G213/120] 在馆    
3 0321979   203219793   第四借阅区/ [索取号:G213/120] 在馆    
4 0321980   203219800   第四借阅区/ [索取号:G213/120] 在馆    
5 0321981   203219819   第一样本阅览室/ [索取号:G213/120] 在馆    
唐山师范学院图书馆 欢迎您!
大连网信软件有限公司© 版权所有